[Event "7th ch-Euro w"]
[Site "Kusadasi TUR"]
[Date "2006.04.10"]
[Round "7"]
[White "Djingarova,E"]
[Black "Zawadzka,J"]
[Result "0-1"]
[WhiteElo "2346"]
[BlackElo "2378"]

1.e4 c5 2.Nf3 d6 3.Bb5+ Bd7 4.Bxd7+ Qxd7 5.O-O Nc6 6.c3 Nf6 7.Qe2 e6 8.d4 cxd4
9.cxd4 d5 10.e5 Ne4 11.Be3 Be7 12.Ne1 h6 13.f3 Ng5 14.Nd3 O-O 15.Nc3 b6 16.Qf2 f6
17.h4 Nf7 18.exf6 Bxf6 19.Nf4 Nd6 20.Ng6 Rf7 21.Ne2 Re8 22.Rad1 Nf5 23.Bf4 Nfe7
24.Ne5 Bxe5 25.Bxe5 Nxe5 26.dxe5 Qa4 27.Nd4 Ng6 28.b3 Qb4 29.Rfe1 Nf4 30.Qd2 Qxd2
31.Rxd2 Rc8 32.g3 Ng6 33.Kg2 Nf8 34.Ree2 Rc5 35.b4 Rc4 36.b5 Rfc7 37.h5 Rb4
38.Re3 Rcc4 39.Nc6 Rxb5 40.Nd4 Rbb4 41.Red3 Kf7 42.f4 Nd7 43.Nxe6 Kxe6 44.Rxd5 Nc5
45.Rd6+ Kf7 46.f5 Re4 47.R6d5 Re3 48.Kf2 Ra3 49.e6+ Ke7 50.Kg2 Rg4  0-1

[Event "7th ch-Euro"]
[Site "Kusadasi TUR"]
[Date "2006.04.10"]
[Round "7"]
[White "Can,E"]
[Black "Erdogdu,M"]
[Result "1/2-1/2"]
[WhiteElo "2281"]
[BlackElo "2345"]

1.e4 c5 2.Nf3 d6 3.Bb5+ Bd7 4.Bxd7+ Qxd7 5.c4 Nc6 6.O-O g6 7.d4 cxd4 8.Nxd4 Bg7
9.Be3 Nf6 10.f3 O-O 11.Nc3 Rfc8 12.b3 Qd8 13.Qd2 Qa5 14.Rfd1 a6  1/2-1/2

[Event "XXIX Open"]
[Site "Donostia San Sebastian ESP"]
[Date "2006.04.12"]
[Round "6"]
[White "Angulo Martinez,J"]
[Black "Andres Gonzalez,A"]
[Result "0-1"]
[WhiteElo "2130"]
[BlackElo "2410"]

1.e4 c5 2.Nf3 d6 3.Bb5+ Nd7 4.d4 a6 5.Bxd7+ Bxd7 6.dxc5 dxc5 7.Ne5 Be6 8.Qxd8+ Rxd8
9.Be3 f6 10.Nf3 Rc8 11.Nc3 Bg4 12.Ke2 e6 13.h3 Bxf3+ 14.Kxf3 Ne7 15.Ke2 Nc6
16.Rhd1 Be7 17.Rd2 Kf7 18.Rad1 Rhd8 19.Rxd8 Nxd8 20.f4 Nc6 21.Rd2 h5 22.Na4 Na5
23.b3 b5 24.Nb2 c4 25.Nd1 Ke8 26.Bb6 Nb7 27.Kf3 Rc6 28.Bd4 Bb4 29.c3 Ba3
30.Nb2 cxb3 31.axb3 Na5 32.Nd1 Nxb3 33.Rd3 Be7 34.g4 hxg4+ 35.hxg4 a5 36.Ne3 a4
37.g5 a3 38.gxf6 a2 39.fxg7 Kf7 40.Rd1 Nxd4+ 41.cxd4 b4 42.d5 Rc3 43.Rg1  0-1

[Event "7th ch-Euro"]
[Site "Kusadasi TUR"]
[Date "2006.04.12"]
[Round "8"]
[White "Svetushkin,D"]
[Black "Esen,B"]
[Result "1/2-1/2"]
[WhiteElo "2557"]
[BlackElo "2419"]

1.e4 c5 2.Nf3 d6 3.Bb5+ Bd7 4.Bxd7+ Qxd7 5.O-O Nf6 6.Qe2 Nc6 7.Rd1 g6 8.c3 Bg7
9.d4 cxd4 10.cxd4 d5 11.e5 Ne4 12.Nbd2 Nxd2 13.Bxd2 O-O 14.a4 Rfc8 15.Bc3 Nd8
16.Ne1 Ne6 17.Nc2 f6 18.h4 Nf4 19.Qf3 fxe5 20.dxe5 Rf8 21.Ne3 Rad8 22.Rd2 Qc7
23.Qd1 Bxe5 24.Bxe5 Qxe5 25.Qb3 e6 26.Qxb7 Rf7 27.Qa6 Rdf8 28.Qf1 Rb7 29.Re1 Qb8
30.Nd1 Rb4 31.g3 Nh5 32.Qh3 Ng7 33.a5 Ra4 34.Ne3 Rxa5 35.Ng2 Rb5 36.Ree2 Qd6
37.Nf4 e5 38.Nd3 Re8 39.Rc2 Nf5 40.Qg4 e4 41.Rcd2 Nd4 42.Re3 Nf3+ 43.Rxf3 exf3
44.Qxf3 d4 45.Nf4 Rf5 46.Qb3+ Kg7 47.Qa4 Re4 48.Qxa7+ Kh6 49.Nd3 Re7 50.Qa1 Rf8
51.Qd1 Rfe8 52.Qf3 Qc7 53.Qf6 Re6 54.Qxd4 Rd8 55.Qg4 Qe7 56.Kg2 Re4 57.Qf3 Rf8
58.Nf4 Rb4 59.Qg4 Rf5 60.Kh2 Qb7 61.Qe2 Qe4 62.Qxe4 Rxe4 63.Rd7 Rb4 64.Nh3 Rxb2
65.g4 Rf3 66.Kg2 Rf8 67.g5+ Kh5 68.Rd4 h6 69.Nf4+ Rxf4 70.Rxf4 hxg5  1/2-1/2

[Event "FSIM April"]
[Site "Budapest HUN"]
[Date "2006.04.13"]
[Round "13"]
[White "Arngrimsson,D"]
[Black "Duong The Anh"]
[Result "1-0"]
[WhiteElo "2267"]
[BlackElo "2325"]

1.e4 c5 2.Nf3 d6 3.Bb5+ Bd7 4.Bxd7+ Qxd7 5.O-O Nc6 6.c3 Nf6 7.Re1 e6 8.d4 cxd4
9.cxd4 d5 10.e5 Ne4 11.Nbd2 Nxd2 12.Bxd2 Be7 13.Rc1 O-O 14.Rc3 Rac8 15.h4 b5
16.h5 b4 17.Rd3 Na5 18.h6 g6 19.Bg5 Nc4 20.Qe2 Bxg5 21.Nxg5 Qe7 22.Rg3 Nb6
23.Qg4 Rc2 24.Re2 Rxe2 25.Qxe2 Rc8 26.Qg4 Nc4 27.Rf3 Rf8 28.Qf4 a5 29.b3 Na3
30.Rd3 Nb5 31.Nf3 Rc8 32.g4 Nc3 33.Rd2 Ne4 34.Re2 Rc3 35.Rxe4 dxe4 36.Qxe4 Rc8
37.Kg2 Qc7 38.Qf4 Qe7 39.Qe4 Qd8 40.Qf4 Rc2 41.Ng5 Qe7 42.Ne4 Rxa2 43.Nf6+ Kh8
44.Qf3 Qd8 45.Nd7 f5 46.exf6 Rc2 47.f7 Rc8 48.f8=R+  1-0

[Event "Foxwoods Open"]
[Site "Ledyards USA"]
[Date "2006.04.13"]
[Round "3"]
[White "Friedman,J"]
[Black "Florean,A"]
[Result "0-1"]
[WhiteElo "2207"]
[BlackElo "2426"]

1.e4 c5 2.Nf3 d6 3.Bb5+ Nd7 4.O-O a6 5.Bxd7+ Bxd7 6.Re1 e6 7.d3 Be7 8.Nbd2 Nf6
9.e5 dxe5 10.Nxe5 O-O 11.Ne4 Nxe4 12.Rxe4 Be8 13.Bd2 b5 14.f4 f6 15.Nf3 Bf7
16.Kh1 Qd7 17.Qe1 Rfe8 18.h3 Bf8 19.Rd1 Bg6 20.Re3 Bd6 21.Qh4 c4 22.dxc4 Bc5
23.Ree1 Qa7 24.Qg4 Bf5 25.Qh5 Bxc2 26.Rc1 Bg6 27.Qg4 Bf5 28.Qh5 Bf2 29.Red1 Bg6
30.Qg4 Qf7 31.f5 exf5 32.Qf4 Re4 33.Qd6 bxc4 34.Bb4 Qb7 35.Rc2 Bb6 36.Rcd2 Rd8
37.Qg3 Rxd2 38.Nxd2 Rd4 39.Bc3 Rd3 40.Qh4 Qd5 41.Re1 f4 42.Qg4 Bf5 43.Re8+ Kf7
44.Qh5+  0-1

[Event "Open NOR-ch"]
[Site "Oslo NOR"]
[Date "2006.04.13"]
[Round "6"]
[White "Hammer,J"]
[Black "Senff,M"]
[Result "1/2-1/2"]
[WhiteElo "2287"]
[BlackElo "2476"]

1.e4 c5 2.Nf3 d6 3.Bb5+ Bd7 4.Bxd7+ Qxd7 5.c4 Nf6 6.Nc3 g6 7.d4 cxd4 8.Nxd4 Bg7
9.f3 O-O 10.Be3 Rc8 11.b3 a6 12.a4 Nc6 13.O-O Qd8 14.Qd2 Qa5 15.Rfd1 Nd7
16.Rab1 Qb4 17.Nd5 Qxd2 18.Rxd2 Kf8 19.Ne2 Rab8 20.Nb6 Nxb6 21.Bxb6 Ne5 22.Ba7 Ra8
23.Bd4  1/2-1/2

[Event "XXIX Open"]
[Site "Donostia San Sebastian ESP"]
[Date "2006.04.14"]
[Round "8"]
[White "Barrenechea Bahamonde,G"]
[Black "Andres Gonzalez,A"]
[Result "0-1"]
[WhiteElo "2180"]
[BlackElo "2410"]

1.e4 c5 2.Nf3 d6 3.Bb5+ Bd7 4.Bxd7+ Qxd7 5.O-O Nc6 6.c3 Nf6 7.d4 cxd4 8.cxd4 d5
9.e5 Ne4 10.Ne1 f6 11.f3 Ng5 12.f4 Ne4 13.Nc3 e6 14.Be3 Nxc3 15.bxc3 f5 16.Nf3 Na5
17.Nd2 Rc8 18.Nb3 Nc4 19.Bd2 Ba3 20.Rf3 O-O 21.Rh3 Rc7 22.Qh5 g6 23.Qe2 Rfc8
24.Rf1 b6 25.Be1 Qa4 26.g4 Rf8 27.Bh4 fxg4 28.Qxg4 Rf5 29.Bd8 Rd7 30.Bf6 Bf8
31.Qg2 Be7 32.Bxe7 Rxe7 33.Nc1 Qa3 34.Kh1 Rff7 35.Rg1 Qb2 36.Qg3 Kf8 37.Qh4 Ke8
38.Qg4 Kd7 39.Qd1 Qa3 40.Rf1 Kc7 41.Rhf3 g5 42.Nd3 g4 43.Rg3 h5 44.Rf2 h4
45.Rxg4 Ne3 46.Qf3 Nxg4 47.Qxg4 Qxc3 48.Qd1 Qxd4 49.Rc2+ Kb7 50.Qb1 Qe4+
51.Kg1 Rg7+ 52.Kf2  0-1

[Event "43rd ch-IND"]
[Site "Visakhapatnam IND"]
[Date "2006.04.14"]
[Round "17"]
[White "Sandipan,C"]
[Black "Arun Prasad,S"]
[Result "1-0"]
[WhiteElo "2522"]
[BlackElo "2384"]

1.e4 c5 2.Nf3 d6 3.Bb5+ Bd7 4.Bxd7+ Qxd7 5.c4 Nc6 6.d4 cxd4 7.Nxd4 g6 8.Nc3 Bg7
9.Nde2 Nf6 10.f3 O-O 11.O-O a6 12.a4 Rac8 13.Kh1 e6 14.Bg5 Nb4 15.b3 h6 16.Bxf6 Bxf6
17.Qd2 Bg7 18.Rad1 Rcd8 19.f4 Qe7 20.f5 Kh7 21.Rf3 Bf6 22.Rdf1 exf5 23.exf5 Rde8
24.Ng3 Bxc3 25.Qxc3 d5 26.cxd5 Nxd5 27.Qd4 Nc7 28.Qc4 g5 29.f6 Qe5 30.Rf5 Qd6
31.Ne4 Qe6 32.Nxg5+ hxg5 33.Qg4 Qe2 34.Qxg5 Ne6 35.Qh4+ Kg6 36.Qg3+ Kh7 37.Re1  1-0

[Event "LII Nacional Abierto"]
[Site "Mexico City MEX"]
[Date "2006.04.15"]
[Round "8"]
[White "Estrada Nieto,J"]
[Black "Alford,J"]
[Result "1-0"]
[WhiteElo "2370"]
[BlackElo "2266"]

1.e4 c5 2.Nf3 d6 3.Bb5+ Bd7 4.Bxd7+ Qxd7 5.O-O Nc6 6.c3 Nf6 7.Re1 e6 8.d4 cxd4
9.cxd4 d5 10.e5 Ne4 11.Nbd2 Nxd2 12.Bxd2 Be7 13.Rc1 O-O 14.Rc3 f6 15.exf6 Bxf6
16.Bg5 Rae8 17.Bxf6 gxf6 18.Rce3 Qf7 19.Qd2 Kh8 20.b4 b5 21.a3 a6 22.R1e2 Rg8
23.Qe1 Qh5 24.Qc3 Rc8 25.Qd3 e5 26.dxe5 d4 27.Re4 Nxe5 28.Nxe5 Rc1+ 29.Re1 Rxe1+
30.Rxe1 fxe5 31.Qe4 Rd8 32.f4 d3 33.Qxe5+ Qxe5 34.fxe5 Kg7 35.Rd1 d2 36.Kf2 Rd3
37.Ke2 Rxa3 38.Rxd2 Rb3 39.Rd4 Kf7 40.Rh4 Ke6 41.Rxh7 Rxb4 42.Rh6+ Kxe5 43.Rxa6 Kf4
44.Kd3 Rb2 45.Rg6 Kf5 46.Rg8 Rb4 47.g3 Kf6 48.h4 Kf7 49.Rg5 Kf6 50.Ke3 Rb1
51.Kf3 Rb4 52.Kg2  1-0

[Event "LII Nacional Abierto"]
[Site "Mexico City MEX"]
[Date "2006.04.15"]
[Round "8"]
[White "Martin del Campo,R"]
[Black "Gonzalez Zamora,J"]
[Result "1/2-1/2"]
[WhiteElo "2453"]
[BlackElo "2521"]

1.e4 c5 2.Nf3 d6 3.Bb5+ Bd7 4.Bxd7+ Qxd7 5.O-O Nc6 6.c4 g6 7.d4 cxd4 8.Nxd4 Bg7
9.Be3 Nf6 10.f3 O-O 11.Nc3 Rfc8 12.b3 e6 13.Rc1 d5 14.cxd5 exd5 15.Nxc6 bxc6
16.exd5 Nxd5 17.Nxd5 cxd5 18.Rxc8+ Rxc8 19.Bd4 Bxd4+ 20.Qxd4 h5 21.Rd1 Re8
22.Kf2 Qc7 23.h4 Re5 24.Rc1 Qxc1 25.Qxe5 Qc2+ 26.Kg3 Qc5 27.b4 Qb5 28.Qd4 a6
29.a3 Qc6 30.a4 Qxa4 31.Qxd5 Qe8 32.Qc4 Qe5+ 33.Kf2 Qd6 34.Qc8+ Kg7 35.Qc3+ Kf8
36.Qc4 Ke7 37.Qe4+ Kf6 38.Qc4 Kg7 39.Qc3+ f6 40.Qc4 g5 41.hxg5 fxg5 42.Qc3+ Kg6
43.Qc2+ Kh6 44.Qf5 h4 45.Kg1 Qc6 46.Kh2 Qd6+ 47.Kh1 Qe7 48.Kh2 Qd6+ 49.Kh1 Qe7
50.Kh2 Qc7+ 51.Kh1 Qd6 52.Kg1 Qd1+ 53.Kh2 Qd6+  1/2-1/2

[Event "LII Nacional Abierto"]
[Site "Mexico City MEX"]
[Date "2006.04.15"]
[Round "8"]
[White "Reyes Ayala,M"]
[Black "Vega,A"]
[Result "0-1"]
[WhiteElo "2073"]
[BlackElo "2218"]

1.e4 c5 2.Nf3 d6 3.Bb5+ Bd7 4.Bxd7+ Qxd7 5.O-O Nc6 6.d4 cxd4 7.Nxd4 g6 8.Be3 Bg7
9.Nxc6 Qxc6 10.c3 Nf6 11.f3 O-O 12.Qe2 b5 13.Nd2 a5 14.Rac1 Rfc8 15.Nb3 e5
16.Rfd1 d5 17.exd5 Nxd5 18.Bf2 Nf4 19.Qe4 Qxe4 20.fxe4 Ne2+ 21.Kf1 Nxc1 22.Rxc1 Bf8
23.Ke2 a4 24.Nd2 a3 25.b3 Bb4 26.Nb1 Ra6 27.Be3 Bc5 28.Bd2 f5 29.exf5 gxf5
30.Rf1 f4 31.Kf3 Kf7 32.Re1 Kf6 33.Ke4 Rg8 34.Re2 Bg1 35.h3 Rd8 36.Bc1 Rd1
37.Rc2 Be3 38.Bxe3 fxe3  0-1

[Event "Open NOR-ch"]
[Site "Oslo NOR"]
[Date "2006.04.15"]
[Round "8"]
[White "Hammer,J"]
[Black "Van der Weide,K"]
[Result "1/2-1/2"]
[WhiteElo "2287"]
[BlackElo "2482"]

1.e4 c5 2.Nf3 d6 3.Bb5+ Nd7 4.d4 Nf6 5.Nc3 cxd4 6.Qxd4 e5 7.Qd3 h6 8.Be3 Be7
9.O-O O-O 10.Bc4 Nb6 11.Bb3 Be6 12.Nh4 Kh7 13.Nf5 Bxf5 14.exf5 Rc8 15.Rad1 a6
16.Ne4 Rc6 17.Nxf6+ Bxf6 18.Bxb6 Rxb6 19.Qe4 Qc7 20.Rd5 Rd8 21.Rfd1 Kg8 22.g3 Kf8
23.R1d3 Rc6 24.Rd1 Rc8 25.h4 Qb6 26.Kg2 Qc7 27.R5d3  1/2-1/2

[Event "10th Neckar Open A"]
[Site "Deizisau GER"]
[Date "2006.04.16"]
[Round "6"]
[White "Brendel,O"]
[Black "Shengelia,D"]
[Result "0-1"]
[WhiteElo "2364"]
[BlackElo "2556"]

1.e4 c5 2.Nf3 d6 3.Bb5+ Nd7 4.O-O a6 5.Bxd7+ Bxd7 6.d4 cxd4 7.Qxd4 Nf6 8.Bg5 e6
9.e5 dxe5 10.Nxe5 Bb5 11.Qxd8+ Rxd8 12.c4 Bd6 13.Nxf7 Kxf7 14.cxb5 axb5 15.Na3 b4
16.Nc4 Bc7 17.a4 Rd5 18.Bd2 Rd4 19.Rac1 Ng4 20.f4 Kg6 21.h3 Nf6 22.Bxb4 Bxf4
23.Bc5 Re4 24.Rc2 Rc8 25.b4 Nd5 26.Rb1 b6 27.Nxb6 Nxb6 28.a5 Nd7 29.a6 Nxc5
30.bxc5 Rxc5 31.Ra2 Rc7 32.Kf2 Rf7 33.Kf3 Re3+ 34.Kf2 Re5 35.Rb7 Rxb7 36.axb7 Rb5
37.Kf3 Bb8 38.Re2 Kf6 39.g4 Rxb7  0-1

[Event "Jack Speigel Mem"]
[Site "Southend ENG"]
[Date "2006.04.17"]
[Round "7"]
[White "Plaskett,J"]
[Black "Gormally,D"]
[Result "1/2-1/2"]
[WhiteElo "2485"]
[BlackElo "2554"]

1.e4 c5 2.Nf3 d6 3.Bb5+ Bd7 4.Bxd7+ Qxd7 5.c4 Nc6 6.O-O g6 7.d4 cxd4 8.Nxd4 Bg7
9.Nc2 Nf6 10.Nc3 O-O 11.f3 Rac8 12.Be3 e6 13.Qd2 a6 14.Rad1 Ne5 15.b3 Ne8  1/2-1/2

[Event "Spring NAm IMC"]
[Site "Schaumburg USA"]
[Date "2006.04.19"]
[Round "4"]
[White "Hernandez,Gi"]
[Black "Chow,A"]
[Result "1-0"]
[WhiteElo "2530"]
[BlackElo "2220"]

1.e4 c5 2.Nf3 d6 3.Bb5+ Bd7 4.Bxd7+ Qxd7 5.O-O Nf6 6.Re1 Nc6 7.c3 e6 8.d3 Be7
9.Bg5 h6 10.Bh4 O-O 11.Nbd2 Rac8 12.Nf1 Rfd8 13.Qe2 b5 14.Rad1 a6 15.h3 Nh5
16.Bg3 Nxg3 17.Nxg3 d5 18.b3 dxe4 19.dxe4 Qc7 20.c4 Qa5 21.Nh5 Rxd1 22.Rxd1 Rd8
23.Rxd8+ Nxd8 24.e5 bxc4 25.bxc4 Nc6 26.Qe4 Nb4 27.Qg4 Bf8 28.Nf6+ Kh8 29.Ng5 Qc7
30.Qe4 g6 31.Qa8 Qe7 32.Nge4 Nxa2 33.Qxa6 Nb4 34.Qc8 Nd3 35.Nd7 Kg7 36.Kf1 g5
37.g3 Nb2 38.Nd6 Nd3  1-0

[Event "VII TCh-RUS w"]
[Site "Sochi RUS"]
[Date "2006.04.20"]
[Round "1"]
[White "Fenina,T"]
[Black "Chistiakova,T"]
[Result "0-1"]
[WhiteElo "2078"]
[BlackElo "2351"]

1.e4 c5 2.Nf3 d6 3.Bb5+ Bd7 4.Bxd7+ Nxd7 5.O-O Ngf6 6.Qe2 Rc8 7.c3 e6 8.d4 cxd4
9.cxd4 d5 10.e5 Ne4 11.Nbd2 Nxd2 12.Bxd2 Be7 13.Rac1 O-O 14.Rxc8 Qxc8 15.Rc1 Qb8
16.Qb5 Nb6 17.Bb4 Bxb4 18.Qxb4 Rc8 19.Rc5 Rc7 20.Nd2 Qc8 21.f4 Rxc5 22.Qxc5 Qxc5
23.dxc5 Na4 24.b4 Nc3 25.Kf2 Nxa2 26.b5 Kf8 27.Ke3 Nc3 28.c6 bxc6 29.bxc6 Nb5
30.Nb3 Ke7 31.g4 Kd8 32.f5 exf5 33.gxf5 Kc7 34.Na5 a6 35.Nb7 Kxc6 36.Nd8+ Kd7
37.Nxf7 a5 38.e6+ Ke7 39.Ne5 a4 40.Nc6+ Kd6 41.Nb4 Nc7 42.Kd4 g6 43.e7 Kxe7
44.fxg6 hxg6 45.Ke5 a3 46.h4 Kf7  0-1

[Event "Spring NAm IMC"]
[Site "Schaumburg USA"]
[Date "2006.04.21"]
[Round "7"]
[White "Chow,A"]
[Black "Arjun,V"]
[Result "1/2-1/2"]
[WhiteElo "2220"]
[BlackElo "2221"]

1.e4 c5 2.Nf3 d6 3.Bb5+ Bd7 4.Bxd7+ Qxd7 5.O-O Nc6 6.c3 Nf6 7.Re1 e6 8.d3 Be7
9.Bg5 h6 10.Bh4 O-O-O 11.Na3 g5 12.Bg3 g4 13.Nd2 h5 14.Bh4 Ng8 15.Bxe7 Ngxe7
16.Nc2 f5 17.d4 cxd4 18.Nxd4 Nxd4 19.cxd4 f4 20.Nc4 Kb8 21.Rc1 Nc8 22.Rc3 Qg7
23.d5 e5 24.Qc2 f3 25.Rc1 h4 26.Na5 Nb6 27.Nc4 Nxc4 28.Rxc4 g3 29.fxg3 hxg3
30.h3 a6 31.gxf3 Rd7 32.Rc8+ Rxc8 33.Qxc8+ Ka7 34.Kg2 Rf7 35.Qe6 Rf6 36.Qc8 Qg5
37.Qc3 Rh6 38.Rh1 Qf4 39.a4 Rh7 40.Rc1 Qh4 41.Rh1 Kb8 42.Qb4  1/2-1/2

[Event "TCh-HUN 2005-6"]
[Site "Hungary HUN"]
[Date "2006.04.23"]
[Round "11"]
[White "Berczes,C"]
[Black "Groszpeter,A"]
[Result "0-1"]
[WhiteElo "2395"]
[BlackElo "2518"]

1.e4 c5 2.Nf3 d6 3.Bb5+ Bd7 4.Bxd7+ Nxd7 5.O-O Ngf6 6.Re1 e6 7.d3 Be7 8.Nbd2 O-O
9.Nf1 b5 10.N3d2 Rc8 11.f4 c4 12.d4 c3 13.bxc3 Rxc3 14.Bb2 Rc8 15.a4 a6 16.axb5 axb5
17.Ne3 Nb6 18.Ra7 Re8 19.Qe2 Rb8 20.Ba1 Bf8 21.Qxb5 Nbd5 22.Qf1 Nxe3 23.Rxe3 Qb6
24.Ra6 Qb4 25.Bc3 Qb5 26.Qxb5 Rxb5 27.Ra5 Rb7 28.Ba1 d5 29.Ra4 dxe4 30.c4 Reb8
31.g3 h5 32.Nxe4 Nxe4 33.Rxe4 Rb4 34.Rxb4 Rxb4 35.Bc3 Rxc4 36.Re3 g6 37.Rd3 Bg7
38.Kg2 Kf8 39.Kf3 Ke7 40.Bb2 Kd6 41.Ba3+ Kd5 42.Bc5 Bxd4 43.Bxd4 Rxd4 44.Ra3 Kc6
45.Ra6+ Kd7 46.Ra7+ Ke8 47.Ra3 Ke7 48.Ra5 Rd3+ 49.Ke4 Rb3 50.Ra7+ Kf6 51.Ra2 h4
52.Rg2 Ra3 53.g4 Ra4+ 54.Ke3 g5 55.Rf2 Rxf4 56.Rxf4+ gxf4+ 57.Kxf4 e5+ 58.Ke4 Ke6
59.Ke3 Kd5 60.h3 e4  0-1

[Event "8th Dubai Open"]
[Site "Dubai UAE"]
[Date "2006.04.24"]
[Round "2"]
[White "Toufighi,H"]
[Black "Ghaem Maghami,E"]
[Result "0-1"]
[WhiteElo "2347"]
[BlackElo "2584"]

1.e4 c5 2.Nf3 d6 3.Bb5+ Nd7 4.O-O Nf6 5.Re1 a6 6.Bxd7+ Bxd7 7.e5 dxe5 8.Nxe5 Rc8
9.Qf3 Bc6 10.Nxc6 Rxc6 11.d3 e6 12.Nc3 Be7 13.Qg3 O-O 14.Ne4 Qd5 15.Nc3 Qf5
16.Qg5 Qxg5 17.Bxg5 h6 18.Bxf6 Bxf6 19.Ne4 Bxb2 20.Rab1 Be5 21.Rxb7 c4 22.dxc4 Rxc4
23.Ra7 Rb8 24.g4 Rxc2 25.Rxa6 Rbb2 26.Rf1 Bd4 27.Ra4 Bb6 28.Ra8+ Kh7 29.Rf8 Re2
30.Nc3 Bxf2+ 31.Kh1 Rec2 32.Nd1 Rxa2  0-1

[Event "XIII TCh-RUS"]
[Site "Sochi RUS"]
[Date "2006.04.24"]
[Round "5"]
[White "Zvjaginsev,V"]
[Black "Sutovsky,E"]
[Result "1/2-1/2"]
[WhiteElo "2670"]
[BlackElo "2628"]

1.e4 c5 2.Nf3 d6 3.Bb5+ Bd7 4.Bxd7+ Qxd7 5.O-O Nf6 6.d3 Nc6 7.Re1 g6 8.c3 Bg7
9.d4 cxd4 10.cxd4 d5 11.e5 Ne4 12.Nc3 Nxc3 13.bxc3 O-O 14.h4 h6 15.Nh2 Nd8
16.h5 Rc8 17.Ng4 Kh7 18.Qf3 Qf5 19.hxg6+ fxg6 20.e6  1/2-1/2

[Event "XIII TCh-RUS 1st League"]
[Site "Sochi RUS"]
[Date "2006.04.24"]
[Round "5"]
[White "Vokarev,S"]
[Black "Pushkarev,D"]
[Result "1-0"]
[WhiteElo "2489"]
[BlackElo "2337"]

1.e4 c5 2.Nf3 d6 3.Bb5+ Nc6 4.O-O Bd7 5.Re1 Nf6 6.c3 a6 7.Bf1 Bg4 8.h3 Bh5
9.d3 e6 10.Nbd2 Be7 11.g4 Bg6 12.Nh4 Nd7 13.Nxg6 hxg6 14.f4 Bh4 15.Re3 e5
16.f5 Bg5 17.Re2 Nf6 18.Nf3 Bxc1 19.Qxc1 gxf5 20.exf5 O-O 21.Ne1 Nd5 22.Ng2 Re8
23.Rf2 b5 24.g5 e4 25.dxe4 Rxe4 26.Qd1 Re5 27.h4 c4 28.Kh2 Nce7 29.f6 Nf5
30.fxg7 Kxg7 31.Qg4 Qd7 32.h5 Ra7 33.Be2 Qe6 34.Rg1 Re7 35.Bf3 Nde3 36.Qf4 Nxg2
37.Bxg2 Ne3 38.Bh3 Qd5 39.Qf6+ Kg8 40.g6  1-0

[Event "XIII TCh-RUS"]
[Site "Sochi RUS"]
[Date "2006.04.25"]
[Round "6"]
[White "Zvjaginsev,V"]
[Black "Grischuk,A"]
[Result "1/2-1/2"]
[WhiteElo "2670"]
[BlackElo "2719"]

1.e4 c5 2.Nf3 d6 3.Bb5+ Nc6 4.O-O Bd7 5.Re1 Nf6 6.c3 a6 7.Bf1 Bg4 8.h3 Bxf3
9.Qxf3 g6 10.Na3 Nd7 11.Nc2 Bg7 12.Qd1 Qb6 13.a3 Na5 14.Ne3 Qb3 15.a4 Qxd1
16.Rxd1 Nb3 17.Ra3 Nxc1 18.Rxc1 Bh6 19.Nc4 Rb8 20.a5 O-O 21.Re1 Rfd8 22.Rb3 Ne5
23.Nxe5 dxe5 24.Rd1 Rd6 25.Bc4 b5 26.axb6 Rdxb6 27.Rxb6 Rxb6 28.b3 Rd6 29.d3 Bg5
30.g3 e6 31.Kg2 Kg7 32.Kf3  1/2-1/2

[Event "XIII TCh-RUS 1st League"]
[Site "Sochi RUS"]
[Date "2006.04.25"]
[Round "6"]
[White "Chebotarev,O"]
[Black "Dobrov,V"]
[Result "1-0"]
[WhiteElo "2493"]
[BlackElo "2510"]

1.e4 c5 2.Nf3 d6 3.Bb5+ Nc6 4.O-O Bd7 5.Re1 Nf6 6.c3 a6 7.Ba4 b5 8.Bc2 Bg4
9.d3 g6 10.Nbd2 Bg7 11.h3 Bxf3 12.Nxf3 O-O 13.d4 cxd4 14.cxd4 d5 15.e5 Ne4
16.Nh4 f6 17.Be3 fxe5 18.dxe5 Nxe5 19.Bd4 Nc4 20.Bxg7 Kxg7 21.Bxe4 dxe4 22.Rxe4 Qxd1+
23.Rxd1 Ra7 24.Re2 Rc8 25.Nf3 Nd6 26.Rde1 Rcc7 27.Ng5 Rc6 28.Ne6+ Kg8 29.b3 Nc8
30.Re3 Nb6 31.Rf3 Ra8 32.h4 Nd5 33.g4 Rac8 34.Kg2 Rc3 35.Rxc3 Nxc3 36.Ng5 h6
37.Nf3 Kf7 38.g5 h5 39.Ne5+ Kg7 40.Nd7 Kf7 41.Ne5+ Kg7 42.Rc1 b4 43.Nc4 Rc6
44.a3 Re6 45.axb4 Na2 46.Rd1 Nxb4 47.f4 Re2+ 48.Kf3 Rc2 49.Rd7 Nc6 50.Ke4 Kf8
51.Kd5 Nb4+ 52.Ke6 Nc6 53.Kd5 Nb4+ 54.Kc5 Ke8 55.Rd4 Na2 56.Rd2 Rxd2 57.Nxd2 Nc1
58.Kb6 Kf7 59.Kxa6 Ke6 60.b4 Na2 61.b5 Nc3 62.b6 Na4 63.Nf3  1-0

[Event "8th Dubai Open"]
[Site "Dubai UAE"]
[Date "2006.04.26"]
[Round "4"]
[White "Kayumov,S"]
[Black "Laith,K"]
[Result "1-0"]
[WhiteElo "2426"]
[BlackElo "2103"]

1.e4 c5 2.Nf3 d6 3.Bb5+ Bd7 4.Bxd7+ Qxd7 5.O-O Nc6 6.c3 Nf6 7.d4 cxd4 8.cxd4 d5
9.e5 Ne4 10.Be3 e6 11.Ne1 f6 12.f3 Ng5 13.Nd3 Be7 14.exf6 gxf6 15.f4 Nf7
16.Nc3 O-O-O 17.Na4 Nh6 18.Nac5 Bxc5 19.Nxc5 Qe7 20.Rc1 Nf5 21.Bf2 b6 22.Qa4 Rd6
23.Rfe1 Kb8 24.Rc3 Rc8 25.Na6+ Kb7 26.Rec1 e5 27.Nb4 Qe8 28.Qa6+ Kb8 29.dxe5 d4
30.Ra3 Qd7 31.exd6  1-0

[Event "8th Dubai Open"]
[Site "Dubai UAE"]
[Date "2006.04.26"]
[Round "4"]
[White "Aryanejad,H"]
[Black "Sareen,V"]
[Result "1/2-1/2"]
[WhiteElo "2236"]
[BlackElo "2386"]

1.e4 c5 2.Nf3 d6 3.Bb5+ Bd7 4.Bxd7+ Qxd7 5.O-O Nc6 6.c3 Nf6 7.Re1 e6 8.d4 cxd4
9.cxd4 d5 10.e5 Ne4 11.a3 Be7 12.Qd3 O-O  1/2-1/2

[Event "XIII TCh-RUS"]
[Site "Sochi RUS"]
[Date "2006.04.26"]
[Round "7"]
[White "Kornev,Alexei"]
[Black "Kurnosov,I"]
[Result "0-1"]
[WhiteElo "2575"]
[BlackElo "2526"]

1.e4 c5 2.Nf3 d6 3.Bb5+ Nd7 4.O-O Nf6 5.Re1 a6 6.Bf1 b6 7.c3 Bb7 8.d3 e5
9.Nbd2 Be7 10.d4 O-O 11.d5 Ne8 12.b4 Qc7 13.Nc4 g6 14.bxc5 Nxc5 15.a4 Nf6
16.Ncd2 Bc8 17.c4 Bd7 18.Bb2 Nh5 19.g3 Rae8 20.Ra3 Bf6 21.Bc3 a5 22.Bb2 Bg7
23.Nh4 Bf6 24.Ng2 Bg5 25.Nf3 Bh6 26.Nfh4 Ng7 27.g4 Qd8 28.h3 Qe7 29.Bd3 f6
30.Bc2 Rf7 31.Qe2 Ref8 32.Rea1 Kh8 33.Rg3 f5 34.exf5 gxf5 35.gxf5 Nxf5 36.Bxf5 Bxf5
37.f4 Bxf4 38.Nxf5 Rxf5 39.Rg4 Bh6 40.Rg3 Rf2 41.Qh5 Ne4 42.Rg4 Nf6 43.Qxh6 Nxg4
44.hxg4 Rxb2 45.Nh4 Rg8 46.Nf5 Rxg4+ 47.Kh1 Qf7 48.Rf1 Rb1 49.Rxb1 Qxf5 50.Rb2 Qf1+
51.Kh2 Qg1+  0-1

[Event "XIII TCh-RUS 1st League"]
[Site "Sochi RUS"]
[Date "2006.04.26"]
[Round "7"]
[White "Slugin,S"]
[Black "Lanin,A"]
[Result "1/2-1/2"]
[WhiteElo "2411"]
[BlackElo "2447"]

1.e4 c5 2.Nf3 d6 3.Bb5+ Nd7 4.d4 Nf6 5.Nc3 a6 6.Bxd7+ Nxd7 7.O-O e6 8.Bg5 Qc7
9.d5 e5 10.a4 b6 11.Nd2 f6 12.Be3 Be7 13.Qh5+ g6 14.Qh6 Bf8 15.Qh4 Bg7 16.Bh6  1/2-1/2

[Event "2nd Halkidiki Open"]
[Site "Kalithea GRE"]
[Date "2006.04.27"]
[Round "4"]
[White "Zakarian,D"]
[Black "Georgiev,Kr"]
[Result "0-1"]
[WhiteElo "2359"]
[BlackElo "2482"]

1.e4 c5 2.Nf3 d6 3.Bb5+ Nc6 4.O-O Bd7 5.Re1 a6 6.Bxc6 Bxc6 7.c3 Nf6 8.d4 Bxe4
9.Bg5 Bd5 10.Na3 e6 11.c4 Bc6 12.d5 Bd7 13.Qb3 Qc7 14.Bxf6 gxf6 15.Nc2 Bg7
16.Rad1 O-O-O 17.Qd3 Bf8 18.b4 Kb8 19.Rb1 Ka8 20.b5 Bh6 21.Qa3 exd5 22.bxa6 b6
23.cxd5 Rde8 24.Ne3 b5 25.Qc3 Qd8 26.Qd3 Bxe3 27.fxe3 f5 28.Nd2 Qa5 29.a4 Qxa4
30.Qc3 Rhg8 31.g3 Qh4 32.Nb3 Rxg3+ 33.Kf2 Rf3+ 34.Kxf3 f4 35.Qg7 fxe3 36.Rxe3 Qh5+
37.Kf2 Qxh2+ 38.Kf3 Qh3+  0-1

[Event "XIII TCh-RUS 1st League"]
[Site "Sochi RUS"]
[Date "2006.04.27"]
[Round "8"]
[White "Slugin,S"]
[Black "Kryakvin,D"]
[Result "0-1"]
[WhiteElo "2411"]
[BlackElo "2472"]

1.e4 c5 2.Nf3 d6 3.Bb5+ Bd7 4.Bxd7+ Nxd7 5.O-O Ngf6 6.Qe2 e6 7.Rd1 Be7 8.b3 O-O
9.Bb2 d5 10.exd5 exd5 11.d4 Re8 12.dxc5 Bxc5 13.Qd3 Qb6 14.Bd4 Rac8 15.Nc3 Bxd4
16.Nxd4 Nc5 17.Qb5 Qc7 18.b4 Nce4 19.Nxe4 dxe4 20.Qe2 Qc4 21.Qxc4 Rxc4 22.a3 g6
23.Rd2 Rec8 24.Re1 a6 25.Ree2 Rc3 26.g4 Rxa3 27.g5 e3 28.Rxe3 Rxe3 29.fxe3 Ne4
30.Rd3 Nxg5 31.Rb3 Rc4 32.b5 a5 33.b6 Ne4 34.Rb5 Rc5 35.Rb2 a4 36.Nb5 Rg5+
37.Kf1 Nd2+ 38.Ke2 Nc4 39.Rb4 Nxb6 40.Nd6 a3 41.Rb1 Rd5 42.Ne4 Ra5 43.Nc3 Na4
44.Na2 Rh5 45.Rb4 Rxh2+ 46.Kd3 Nb2+ 47.Kc3 Nd1+ 48.Kd3 Nxe3  0-1

[Event "XIII TCh-RUS 1st League"]
[Site "Sochi RUS"]
[Date "2006.04.27"]
[Round "8"]
[White "Krutko,A"]
[Black "Ivanov,Al3"]
[Result "1/2-1/2"]
[WhiteElo "2356"]
[BlackElo "2375"]

1.e4 c5 2.Nf3 d6 3.Bb5+ Bd7 4.Bxd7+ Qxd7 5.O-O Nf6 6.Qe2 Nc6 7.Rd1 e6 8.d4 cxd4
9.Nxd4 Be7 10.c4 O-O 11.Nc3 a6 12.b3 Nxd4 13.Rxd4 Qc6 14.Bb2 Rfd8 15.Rad1 Nd7
16.Qg4 Ne5 17.Qg3 Ng6 18.Ba3 Bf6 19.Rxd6 Rxd6 20.Rxd6 Qc8 21.Rd1 b5 22.c5 Be5
23.Qe3 Qb8 24.Bb2 Bxh2+ 25.Kf1 Be5 26.c6 b4 27.Na4 Bxb2 28.Nxb2 Qb5+ 29.Nd3 Qxc6
30.Nxb4 Qb5+ 31.Nd3 Qh5 32.f3 Rc8 33.Rc1 Rd8 34.Kg1 Qa5 35.Rc2 h5 36.Qc5 Qb5
37.Qxb5 axb5 38.Rc3 Kf8 39.Kf2 Ke7 40.Ke3 Kd6 41.Nb4 Ne5 42.f4 Ng4+ 43.Kf3 Ra8
44.Rc6+ Ke7 45.Rc5 g6 46.Rxb5 Rc8 47.Rb7+ Kf6 48.e5+ Kg7 49.a4 Rc3+ 50.Ke4 Rxb3
51.a5 Ne3 52.a6 Nf5 53.Nc2 Ng3+ 54.Kd4 Ne2+ 55.Ke4 Ng3+ 56.Kd4  1/2-1/2

[Event "XXIV Open"]
[Site "Metz FRA"]
[Date "2006.04.28"]
[Round "7"]
[White "Laurent,B"]
[Black "Savchenko,S"]
[Result "1/2-1/2"]
[WhiteElo "2365"]
[BlackElo "2495"]

1.e4 c5 2.Nf3 d6 3.Bb5+ Bd7 4.Bxd7+ Qxd7 5.O-O Nc6 6.Re1 Nf6 7.c3 e6 8.d4 cxd4
9.cxd4 d5 10.e5 Ne4 11.Nbd2 Nxd2 12.Bxd2 Be7 13.Rc1 O-O 14.Rc3 Rac8 15.a3 Rc7
16.Rd3 h6 17.h4 f6 18.exf6  1/2-1/2